1600 1602 1930 1915 1626 1080 1301 1385 1859 1180 1041 1414 1317 1612 1578 1261 1790 1332 1781 1974 1004 1108 1893 1334 1896 1434 1286 1138 1986 1807 1483 1741 1932 1992 1319 1118 1018 1630 1721 1663 1479 1552 1945 1368 1440 1493 1242 1195 1307 1886 1152 1951 1231 1082 1544 1568 1842 1788 1811 1716 1331 1174 1444 1748 1557 1378 1637 1880 1908 1821 1707 1475 1508 1334 1419 1570 1259 1324 1114 1454 1705 1380 1159 1210 1222 1519 1419 1477 1257 1246 1860 1427 1560 1822 1824 1346 1106 1871 1986 BCNSPRNW ULIB Ver.6.0+V

เปลี่ยนเป็นภาษาไทย

Change to English
 แสดงรายละเอียดบรรณานุกรม
  กลับหน้าหลัก

Brief Record : Get Marc (ISO 2709) : E-mail record : QR code < ปิดหน้าต่าง
LEADER : 00000nam 2200000uu 4500
001    13399111946
003     ULIB
008    110712s2546||||th 000 0 tha d
020    9748212726
050  4 DS589.B8^bย171ป 2546
100 0  ยอด เนตรสุวรรณ
245 10 บุรีรัมย์/^cยอด เนตรสุวรรณ
260    กรุงเทพฯ :^bสารคดี,^c[2546]
300    138 หน้า :^bภาพประกอบ, แผนที่ :^c21 ซม.
490 0  "นายรอบรู้" นักเดินทาง
651  7 ไทย (ภาคตะวันออกเฉียงเหนือ)^xความเป็นอยู่และประเพณี
651  7 ไทย (ภาคตะวันออกเฉียงเหนือ)^xภูมิประเทศและการท่องเที่ยว
651  7 บุรีรัมย์^xความเป็นอยู่และประเพณี
651  7 บุรีรัมย์^xภูมิประเทศและการท่องเที่ยว
651  7 บุรีรัมย์^xโบราณสถาน
945    ^p95^l0^i015903
995    ทศพร
999 ^a ใช้งานได้ทุกระบบ
รายการนี้ยังไม่มีแท็ก
คุณยังไม่ได้ล็อกอิน คุณสามารถมีกิจกรรมร่วมกับเว็บไซต์ได้ แต่ต้องล็อกอินก่อน ::
  ล็อกอิน

รายการสื่อสารสนเทศ

ลำดับที่ ประเภท เลขเรียก/บาร์โค้ด สถานที่ สถานะ
- ไม่พบข้อมูล -

รายการใกล้เคียง
    ผู้แต่ง [ยอด เนตรสุวรรณ]

BibComment


ยังไม่เคยถูกคอมเมนท์

คอมเมนท์ทรัพยากรรายการนี้
  คอมเมนท์: บุรีรัมย์ ยอด เนต..


 Copyright 2026. Bcnsprnw @Library